000 00469nam a22001817a 4500
003 LK-CoDNM
005 20250110124557.0
008 250110b |||||||| |||| 00| 0 eng d
040 _aLK-CoDNM
_dLK-CoDNM
_eLK-CoDNM
041 _aeng
_hArabi
080 _a5
_bO21
100 _aStephenson J.
245 _aThe zoological section Of The Nuzhatu-L-Qulub
260 _c1928
_bRoyal Asiastic Society
300 _a100p. : 21 cm
650 _aScience
942 _cBK
999 _c235966
_d235966